书目信息 |
| 题名: |
光学镜头手册
|
|
| 作者: | ;福建光学技术研究所 , 国营红星机电厂 编译 | |
| 分册: | 第五册 | |
| 出版信息: | 北京 国防工业出版社 1981 |
|
| 页数: | 116页 | |
| 开本: | 26cm | |
| 丛书名: | ||
| 单 册: | ||
| 中图分类: | TB851 | |
| 科图分类: | ||
| 主题词: | 镜头-光学透镜--手册 , 摄影--机具 , 摄影--设备 , 光学透镜-镜头--手册 | |
| 电子资源: | ||
| ISBN: | ||
| 000 | 00809nam0 2200265 45 | |
| 001 | 0181010873 | |
| 005 | 20060731104013.21 | |
| 010 | @dCNY0.84 | |
| 091 | @a15034.2350 | |
| 100 | @a19960215d1981 em y0chiy0121 ea | |
| 101 | 1 | @achi |
| 102 | @aCN@b110000 | |
| 105 | @ay z 000yy | |
| 200 | 10 | @a光学镜头手册@Aguang xue jing tou shou ce@h第五册@f福建光学技术研究所,国营红星机电厂编译 |
| 210 | @a北京@c国防工业出版社@d1981 | |
| 215 | @a116页@d26cm | |
| 606 | @a镜头-光学透镜@x手册 | |
| 606 | 0 | @a摄影@x机具 |
| 606 | 0 | @a摄影@x设备 |
| 606 | @a光学透镜-镜头@x手册 | |
| 690 | @aTB851 | |
| 711 | 02 | @a福建光学技术研究所@Afu jian guang xue ji shu yan jiu suo@4编译 |
| 711 | 02 | @a国营红星机电厂@Aguo ying hong xing ji dian chang@4编译 |
| 801 | 0 | @aCN@bNLC@c20060731 |
| 905 | @f2@b51061-062@dTB851@e21:5 | |
| 光学镜头手册.第五册/福建光学技术研究所,国营红星机电厂编译.-北京:国防工业出版社,1981 |
| 116页;26cm |
| ISBN :CNY0.84 |
| ● |
| 相关链接 |
|
|
|
|
正题名:光学镜头手册
索取号:TB851/21:5
 
预约/预借
| 序号 | 登录号 | 条形码 | 馆藏地/架位号 | 状态 | 备注 |
| 1 | 0439108 | 204391087 | 密集书库/ [索取号:TB851/21:5] | 在馆 |